À quelle créature appartient ce personnage ? - Statistiques

Statistiques générales
  • Ce quiz a été pris 383 fois
  • Le résultat moyen est 29 sur 50
Statistiques - réponses
Hint Explanation Réponse % Correct
Clochette Peter Pan Fée
89%
Ariel La Petite Sirène Sirène
88%
Hermione Granger Harry Potter Sorcière
88%
Dracula Dracula Vampire
88%
Casper Casper le gentil fantôme Fantôme
86%
Goliath personnage biblique Géant
83%
Gargantua Gargantua Géant
83%
Atchoum Blanche-Neige et les Sept Nains Nain
81%
Gabriel personnage biblique Ange
77%
Dobby Harry Potter Elfe
77%
Legolas Le Seigneur des anneaux Elfe
76%
Remus Lupin Harry Potter Loup-garou
72%
Sabrina Sabrina, l'apprentie sorcière Sorcière
72%
Krokmou Dragons Dragon
71%
Galopa Pokémon Licorne
71%
Baba Yaga tradition russe Sorcière
68%
Nosferatu Nosferatu le vampire Vampire
68%
Ectoplasma Pokémon Fantôme
67%
Samantha Ma sorcière bien-aimée Sorcière
67%
Raphaël personnage biblique Ange
66%
Smaug Le Seigneur des anneaux Dragon
65%
Edward Cullen Twilight Vampire
65%
Joséphine Joséphine, ange gardien Ange
64%
Lycaon mythologie grecque Loup-garou
62%
Gimli Le Seigneur des anneaux Nain
61%
Michel personnage biblique Ange
59%
Viviane légende arthurienne Fée
59%
Morgane légende arthurienne Fée
59%
Fumseck Harry Potter Phénix
58%
Circé mythologie grecque Sorcière
56%
Schtroumpf Les Schtroumpfs Lutin
51%
Rayquaza Pokémon Dragon
50%
Carabosse tradition française Fée
50%
Jacob Black Twilight Loup-garou
47%
Baron Sanglant Harry Potter Fantôme
45%
Stefan Salvatore The Vampire Diaries Vampire
42%
Viserion Le Trône de fer Dragon
39%
Ho-Oh Pokémon Phénix
39%
Morbius univers Marvel Vampire
37%
Bloom Winx Club Fée
35%
Korrigan tradition bretonne Lutin
33%
Ponyo Ponyo sur la falaise Sirène
31%
Jötunn mythologie scandinave Géant
29%
Fáfnir mythologie scandinave Dragon
28%
Scott McCall Teen Wolf Loup-Garou
28%
Alucard Castlevania Vampire
28%
Drusilla Buffy contre les vampires Vampire
28%
Lestat de Lioncourt Entretien avec un vampire Vampire
28%
Twilight Sparkle My Little Pony Licorne
20%
Navi Zelda Fée
17%
Aucun quiz correspondant
Distribution des résultats
% des personnes avec chaque résultat
Percentile par nombre de réponses
Votre historique - résultats
Vous n’avez pas pris ce quiz